000 00402nam a2200157Ia 4500
008 230711s9999||||xx |||||||||||||| ||und||
041 _aENG
082 _a621
_bVA-C
100 _aVan Wylen, Gordon J
245 0 _aFundamentals of classical thermodynamics
250 _a1st Ed.
260 _c1993
_aNew Delhi
_bWiley Eastern Limited
650 _aPhysics
700 _aSonntag, Richard E
942 _cBK
999 _c2716
_d2716